Normal view
MARC view
Entry Personal Name
001 - CONTROL NUMBER
- control field: 76715
003 - CONTROL NUMBER IDENTIFIER
- control field: dpl
005 - DATE AND TIME OF LATEST TRANSACTION
- control field: 20250117155333.0
008 - FIXED-LENGTH DATA ELEMENTS
- fixed length control field: 250117|| aca||aabn | a|a d
040 ## - CATALOGING SOURCE
- Original cataloging agency: dpl
- Transcribing agency: dpl
100 ## - HEADING--PERSONAL NAME
- Personal name: Swami Nikbilananda
670 ## - SOURCE DATA FOUND
- Source citation: Work cat.: (dpl)208576: Swami Nikbilananda, The upanishadas;, 2008
